الأساليب الكمية وبحوث العمليات في الإدارة / (رقم التسجيلة. 27555)

تفاصيل مارك
000 -الفاتح
حقل البيانات ثابتة الطول 00793nam a22002177a 4500
003 - محدد رقم الضبط
رقم الضبط OSt
005 - وقت وتاريخ اخر تعامل مع التسجيلة
رقم الضبط 20150408114115.0
008 - عناصر البيانات ثابتة الطول - معلومات عامة
حقل البيانات ثابتة الطول 130204s 2013jo ||||f |||| 00| 0 ara d
040 ## - مصدر الفهرسة
وكالة الفهرسة الأصلية Ma-un
082 ## - رقم تصنيف ديوى العشرى
رقم الطبعة 21
رقم التصنيف 658.4034
رقم المادة م م ا
100 ## - المدخل الرئيسى - إسم شخصى
الإسم الشخصى الموسوي، منعم زمزير
9 (RLIN) 20676
245 ## - بيان العنوان
العنوان الأساليب الكمية وبحوث العمليات في الإدارة /
بيان المسئوليه,etc منعم زمزير الموسوي.
250 ## - بيان الطبعة
بيان الطبعة ط. 1.
260 ## - PUBLICATION, DISTRIBUTION, ETC. (IMPRINT)
مكان الناشر او الموزع عمان، الأردن :
اسم الناشر او الموزع دار زهران،
تاريخ النشر أو التوزيع 2013
300 ## - الوصف المادى
التعداد 376 ص. :
تفاصيل ماديه اخرى للوعاء ايض. ؛
أبعاد الوعاء 24 سم.
504 ## - تبصرة ببليوجرافية
تبصرة ببليوجرافية,الخ ببليوجرافية : 376
650 ## - المدخل الاضافى بالموضوع-مصطلح موضوعى
9 (RLIN) 9872
مصطلح موضوعي أو اسم جغرافي كعنصر مدخل بحوث العمليات
650 ## - المدخل الاضافى بالموضوع-مصطلح موضوعى
9 (RLIN) 15083
مصطلح موضوعي أو اسم جغرافي كعنصر مدخل الإدارة الاستراتيجية.
650 ## - المدخل الاضافى بالموضوع-مصطلح موضوعى
مصطلح موضوعي أو اسم جغرافي كعنصر مدخل الأساليب الإدارية
9 (RLIN) 20677
942 ## - عناصر المدخل الإضافي( كوها)
مصدر التصنيف او مخطط الترفيف Dewey Decimal Classification
Koha [default] item type كتاب
المقتنيات
حالة الفقد نموذج السعر الفعال حالة تلف ليس للاعارة رقم الطلب رقم النسخة تاريخ الاكتساب الموقع الحالي الباركود الفرع الرئيسي Date last seen نوع المادة فى نظام كوها مصدر التصنيف او خطة الترفيف Total Checkouts
  2013-03-10   Not For Loan 658.4034 م م ا 1 2013-02-04 المكتبة المركزية بالمجمعة (CL) 00304029 المكتبة المركزية بالمجمعة (CL) 2013-03-10 كتاب Dewey Decimal Classification  
  2013-03-10     658.4034 م م ا 2 2013-02-04 المكتبة المركزية بالمجمعة (CL) 00304030 المكتبة المركزية بالمجمعة (CL) 2013-03-10 كتاب Dewey Decimal Classification  
  2013-03-10     658.4034 م م ا 3 2013-02-04 المكتبة المركزية بالمجمعة (CL) 00304031 المكتبة المركزية بالمجمعة (CL) 2013-03-10 كتاب Dewey Decimal Classification  
  2013-03-10   Not For Loan 658.4034 م م ا 1 2013-02-04 قسم الاجراءات الفنية (IC) 00304036 قسم الاجراءات الفنية (IC) 2013-03-10 كتاب Dewey Decimal Classification  
  2013-03-10     658.4034 م م ا 2 2013-02-04 قسم الاجراءات الفنية (IC) 00304037 قسم الاجراءات الفنية (IC) 2013-03-10 كتاب Dewey Decimal Classification  
  2013-03-10   Not For Loan 658.4034 م م ا 1 2013-02-04 مكتبة كلية العلوم و الدراسات الإنسانية برماح - طالبات (SRF) 00304032 مكتبة كلية العلوم و الدراسات الإنسانية برماح - طالبات (SRF) 2013-03-10 كتاب Dewey Decimal Classification  
  2013-03-10     658.4034 م م ا 2 2013-02-04 مكتبة كلية العلوم و الدراسات الإنسانية برماح - طالبات (SRF) 00304033 مكتبة كلية العلوم و الدراسات الإنسانية برماح - طالبات (SRF) 2013-03-10 كتاب Dewey Decimal Classification  
  2013-03-10   Not For Loan 658.4034 م م ا 1 2013-02-04 مكتبة كلية العلوم و الدراسات الإنسانية برماح - طلاب (SRM) 00304034 مكتبة كلية العلوم و الدراسات الإنسانية برماح - طلاب (SRM) 2013-03-10 كتاب Dewey Decimal Classification  
  2013-03-10     658.4034 م م ا 2 2013-02-04 مكتبة كلية العلوم و الدراسات الإنسانية برماح - طلاب (SRM) 00304035 مكتبة كلية العلوم و الدراسات الإنسانية برماح - طلاب (SRM) 2013-03-10 كتاب Dewey Decimal Classification